Fashion (r)evolution : (Record no. 196016)

MARC details
000 -LEADER
campo de control de longitud fija 01235nam a2200349 i 4500
001 - NÚMERO DE CONTROL
campo de control 196016
003 - IDENTIFICADOR DE NÚMERO DE CONTROL
campo de control ES-MaACL
005 - FECHA Y HORA DE LA ÚLTIMA TRANSACCIÓN
campo de control 20250809063549.0
008 - DATOS DE LONGITUD FIJA--INFORMACIÓN GENERAL
campo de control de longitud fija 240809s2023 sp 000 0 spa c
017 ## - NÚMERO DE COPYRIGHT O DE DEPÓSITO LEGAL
Número de copyright o de depósito legal CO 1037-2023
Agencia que asigna Oficina Depósito Legal Córdoba
020 ## - NÚMERO INTERNACIONAL ESTÁNDAR DEL LIBRO
Número Internacional Estándar del Libro 78-84-18578-59-5
040 ## - FUENTE DE CATALOGACIÓN
Centro catalogador/agencia de origen S9M
Lengua de catalogación spa
Centro/agencia transcriptor S9M
Normas de descripción rda
Centro/agencia modificador S9M
080 ## - NÚMERO DE LA CLASIFICACIÓN DECIMAL UNIVERSAL
Número de la Clasificación Decimal Universal 391
080 ## - NÚMERO DE LA CLASIFICACIÓN DECIMAL UNIVERSAL
Número de la Clasificación Decimal Universal 687.1
080 ## - NÚMERO DE LA CLASIFICACIÓN DECIMAL UNIVERSAL
Número de la Clasificación Decimal Universal 687.5.01
100 1# - ENTRADA PRINCIPAL--NOMBRE DE PERSONA
Nombre de persona Izquierdo Martínez, Charo
Término indicativo de función/relación Autor
9 (RLIN) 237989
245 10 - MENCIÓN DEL TÍTULO
Título Fashion (r)evolution :
Resto del título [la gran oportunidad de la moda] /
Mención de responsabilidad, etc. Charo Izquierdo
250 ## - MENCION DE EDICION
Mención de edición Primera edición: junio de 2023
260 ## - PUBLICACIÓN, DISTRIBUCIÓN, ETC.
Lugar de publicación, distribución, etc. Córdoba :
Nombre del editor, distribuidor, etc. Lid Editorial,
Fecha de publicación, distribución, etc. [2023]
300 ## - DESCRIPCIÓN FÍSICA
Extensión 298 páginas :
Otras características físicas ilustraciones (blanco y negro) ;
Dimensiones 24 cm
336 ## - TIPO DE CONTENIDO
Término de tipo de contenido Texto (visual)
Fuente rdacontent
337 ## - TIPO DE MEDIO
Nombre/término del tipo de medio sin mediación
Fuente isbdmedia
338 ## - TIPO DE SOPORTE
Nombre/término del tipo de soporte volumen
Código del tipo de soporte nc
Fuente rdacarrier/spa
500 ## - NOTA GENERAL
Nota general En cubierta: 30 años LID
504 ## - NOTA DE BIBLIOGRAFÍA, ETC.
Nota de bibliografía, etc. Bibliografía: páginas 293-298
650 #4 - PUNTO DE ACCESO ADICIONAL DE MATERIA--TÉRMINO DE MATERIA
Término de materia o nombre geográfico como elemento de entrada Moda-
Subdivisión de forma Historia
9 (RLIN) 237991
852 4# - LOCALIZACIÓN
Ubicación ES-MaACL
Sublocalización o colección R.154528
Ubicación en estantería Depósito J
Donativo/Legado Donación: Editorial
Número de control de estantería N-9142
itemnumber 205038
942 ## - ELEMENTOS DE ENTRADA SECUNDARIOS (KOHA)
Tipo de ítem Koha Libro impreso
Suprimir en OPAC No
Holdings
Estatus retirado Estado de pérdida Fuente del sistema de clasificación o colocación Estado de daño No para préstamo Biblioteca de origen Biblioteca actual Ubicación en estantería Fecha de adquisición Fuente de adquisición Total de préstamos Signatura topográfica completa Código de barras Visto por última vez Precio de reemplazo Tipo de ítem Koha
    Clasificación decimal universal     Biblioteca del Ateneo de Madrid Biblioteca del Ateneo de Madrid Depósito J 15/04/2025 Donación   N-9142 101229884 15/04/2025 15/04/2025 Libro impreso